00510nam a22001572 4500001001100000005001700011008004100028020002600069040001500095050001700110100003500127245009500162260002900257300001500286650005100301000000063320151217155804.0070213s xx 000 0 eng d a9966855157 :cKES 175 aKABUcKABU 0aBR1430b.N741 aNthamburi, Zablon.@000014889414aThe African church at the crossroads :ba strategy for indigenization /cZablon Nthamburi. aNairobi :bUzima,c1997. aiv, 151 p. 0aChristianityzAfrica, Sub-Saharan.@0000148895